| 000 | 00569nam a2200181 i 4500 | ||
|---|---|---|---|
| 001 | 67056 | ||
| 003 | ES-MaACL | ||
| 005 | 20230906165937.0 | ||
| 007 | t| | ||
| 008 | 040503s1995 sp ||||1| spa d | ||
| 080 | _a061.21(460.235) Ateneu Barcelonès | ||
| 245 | 0 | 0 | _aActa de la sesión pública celebrada en el Ateneo Barcelonés el 30 de noviembre de 1895. |
| 260 |
_a[Barcelona] : _bAteneu Barcelonès, _c[1895 ?] |
||
| 300 |
_a50 p. ; _c21 cm. |
||
| 500 | _aEdición facsimil. | ||
| 710 | 2 |
_aAteneu Barcelonès. _92060 |
|
| 852 |
_aES-MaACL _j2169-F-30 _bR.124846 |
||
| 999 |
_c67056 _d67056 |
||